000 00992nam a2200229 a 4500
001 44082
003 BD-RjUL
005 20211209053810.0
008 160713s2006 bg ||||| |||| 00| 0 ben d
020 _a9843113705
_c: Tk. 250.00
035 _a(BD-RjUL)44200
040 _aBD-RjUL
_bben
_cBD-RjUL
041 _aben
082 _223
_a509
_bAMB 2006
100 _aআমীন, মুহাম্মদ নূরুল
_9135369
245 1 0 _aবিজ্ঞানে মুসলমানদের অবদান /
_cমুহাম্মদ নূরুল আমীন
260 _aঢাকা :
_bআহসান পাবলিকেশন,
_c২০০৬
300 _a৪৪৭ পৃ. ;
_c২২ সেমি.
650 _aমুসলিম বিজ্ঞানীদের
_vইসলাম ও বিজ্ঞান
_xকুরআন ও বিজ্ঞান
_9135370
650 _aMuslim scientists.
_vIslam and science.
_xQurʼan and science.
_9135371
942 _2ddc
_cBK
999 _c44082
_d44082